Les avions de la BD Buck Danny Albums 15 à 25 - Statistiques

Statistiques générales
  • Ce quiz a été pris 10 fois
  • Le résultat moyen est 4 sur 29
Statistiques - réponses
Par images Hint Réponse % Correct
Chasseur Gloster {Meteor} F.3
70%
Chasseur Mikoyan-Gourevitch MiG-{21}
70%
Intercepteur Vought F-8 {Crusader}
60%
Chasseur North American F-100 {Super Sabre}
50%
Chasseur Hawker {Hunter} F.Mk.6
40%
Avion léger d'entraînement, Piper J-3 {Cub}
30%
Avion d'attaque au sol Douglas AD {Skyraider}
20%
Avion de transport militaire Douglas C-47 {Skytrain}
20%
Avion de reconnaissance et de liaison Westland {Lysander}
20%
Avion d'attaque au sol Douglas A-4 {Skyhawk}
10%
Chasseur-bombardier RF-84F {Thunderflash}
10%
Chasseur Saab J 29 {Tunnan}
10%
Bimoteur d'affaires Aero {Commander} 520 ou 560
0%
Avion de transport Antonov An-2 {Colt}
0%
Bell H-13 {Sioux}
0%
Avion d'entraînement Bücker Bü 133 {Jungmeister}
0%
Bombardier stratégique embarqué Douglas A-3 {Skywarrior}
0%
Avion de ligne Douglas DC-6 {Liftmaster}
0%
Avion de transport militaire Fairchild C-119 {Flying Boxcar}
0%
Avion de transport militaire Grumman C-1 {Trader}
0%
Avion de lutte anti-sous-marine Grumman S-2 {Tracker}
0%
Avion de ligne Iliouchine Il-12 {Coach}
0%
Chasseur McDonnell F3H-2M {Demon}
0%
Bombardier North American A-2 {Savage}
0%
Chasseur North American FJ-2/-3 {Fury}
0%
Chasseur et chasseur-bombardier North American FJ-4 {Fury}
0%
Hélicoptère lourd Piasecki HUP (UH-25B) {Retriever}
0%
Hélicoptère léger Sikorsky HO3S {Dragonfly}
0%
Bombardier en piqué Vought SB2U {Vindicator}
0%
Aucun quiz correspondant
Distribution des résultats
% des personnes avec chaque résultat
Percentile par nombre de réponses
Votre historique - résultats
Vous n’avez pas pris ce quiz